Science Quiz

Random Science or Animal Quiz

'S1' Dog Breed Picture Click Quiz Stats

 Plays Quiz not verified by Sporcle

Score 0/6 Timer 02:30
0 Plays Today
% Correct
Saint Bernard
99%
Sussex Spaniel
91%
Saluki
81.4%
Skye Terrier
80.2%
Schipperke
77.4%
Swedish Vallhund
74.6%

You're not logged in!

Compare scores with friends on all Sporcle quizzes.
OR
Log In

You Might Also Like...

Show Comments

Extras

Top Quizzes Today


Score Distribution

Your Account Isn't Verified!

In order to create a playlist on Sporcle, you need to verify the email address you used during registration. Go to your Sporcle Settings to finish the process.

Report this User

Report this user for behavior that violates our Community Guidelines.

Details: